000 01805nam a22001817a 4500
008 230116s2022 xxk|||||o|||| 00| 0 eng d
041 _aeng
110 _aRoyal Institution of Chartered Surveyors
245 _aRICS Awards 2022
_bWinners Grand Final
_h[Electronic resource]
260 _aLondon,
_bRoyal Institution of Chartered Surveyors,
_c2022
300 _a48p
520 _aThe RICS UK Awards showcase the most inspirational initiatives and developments in land, real estate, construction, and infrastructure. They recognise outstanding achievement, teamwork, and companies. This records the those shortlisted and the winners for the event held Friday 21 October 2022. Commercial Development winner: Hylo, London. Community Benefit winner: The Wilds, Barking Riverside, London. Heritage project winner: Seaton Delaval Hall, North East. Public Sector project winner: Erne Campus, South West College, Northern Ireland. Refurbisment/Revitalisation Project winner: Buxton Crescent Hotel and Thermal Spa, East Midlands. Residential Project winner: Perry Barr Regeneration Scheme, West Midlands. Environmental Impact Award winner: St Sidwell's Point, Exeter. Infrastructure Team of the Year Award: North West Multi Modal Transport Hub Project Team. Outstanding small surveying team/firm winner: Modus Construction Consultants Ltd. Outstanding large surveying team/firm winner: Lenders, Investors and Insurers Team, Arcadis. Lifetime achievement award: Diana Fitzsimons. Project of the Year: Erne Campus, South West College
650 _aRICS Awards
651 _aUnited Kingdom
710 _aRoyal Institution of Chartered Surveyors
856 _uhttps://www.rics.org/contentassets/4f8f7908a3e146a39c584f76c1b0301d/rics_awards_2022_uk_gf_winnerbrochure.pdf
_zAvailable free on RICS.org
942 _n0
999 _c121317
_d121317